Loading...
Kerala Fishermen and the Indo-Norwegian Pilot Project.
| Main Author: | |
|---|---|
| Format: | Printed Book |
| Published: |
Scandinavian University Books
1968
|
| Subjects: | |
| Online Access: | http://10.26.1.76/ks/005060.pdf |
| LEADER | 00457nam a22001337a 4500 | ||
|---|---|---|---|
| 100 | |a ARNE MARTIN KLAUSE |9 23445 | ||
| 245 | |a Kerala Fishermen and the Indo-Norwegian Pilot Project. | ||
| 260 | |b Scandinavian University Books |c 1968 | ||
| 500 | |a Book Reviewed by JOAN MENCHE | ||
| 650 | |a BOOK REVIEW |9 23446 | ||
| 856 | |u http://10.26.1.76/ks/005060.pdf | ||
| 942 | |c KS | ||
| 999 | |c 75456 |d 75456 | ||
| 952 | |0 0 |1 0 |4 0 |7 0 |9 67440 |a MGUL |b MGUL |d 2015-11-20 |l 0 |r 2015-11-20 |w 2015-11-20 |y KS | ||